000 01378cam a2200337 a 4500
001 4433511
003 NUST-PNEC
005 20170116180728.0
008 940518s1994 enka 001 0 eng
010 _a 94025743
020 _a0750617527
020 _a0632028629
040 _aDLC
_cPNEC
_dDLC
050 0 0 _aTK7887.5
_b.M87 1994
082 0 0 _a004.616 MUS
_220
100 1 _aMustafa, M. A.
_q(Mustafa Ahsen)
245 1 0 _aDigital and analogue interfacing for microcomputers /
_cMustafa A. Mustafa.
250 _a2nd ed.
260 _aOxford ;
_aBoston :
_bNewnes,
_c1994.
300 _axiii, 456 p. :
_bill. ;
_c24 cm.
500 _aRev. ed. of: Digital and analogue interfacing for microcomputers. 1990.
500 _aIncludes index.
650 0 _aComputer interfaces.
_xComputer, MIS
650 0 _aDigital-to-analog converters.
650 0 _aAnalog-to-digital converters.
700 1 _aMustafa, M. A.
_q(Mustafa Ahsen).
_tDigital and analogue interfacing for microcomputers.
856 _uhttp://www.amazon.com/Digital-Analogue-Interfacing-Microcomputers-Mustafa/dp/0632028629/ref=sr_1_1?s=books&ie=UTF8&qid=1415869582&sr=1-1&keywords=0632028629
906 _a7
_bcbc
_corignew
_d1
_eocip
_f19
_gy-gencatlg
942 _2ddc
_cBK
999 _c61717
_d61717